ASSESSMENT OF PRIMARY STABILITY IN IMMEDIATE VERSUS DELAYED IMPLANT PLACEMENT USING RESONANCE FREQUENCY ANALYSIS (RFA) - A SHORT TERM EVALUATION (Record no. 16174)

MARC details
000 -LEADER
fixed length control field 00430nam a22001337a 4500
003 - CONTROL NUMBER IDENTIFIER
control field SGT
082 ## - DEWEY DECIMAL CLASSIFICATION NUMBER
Classification number 617.525
Item number A12K
100 ## - MAIN ENTRY--PERSONAL NAME
Personal name VIMANYU, KATARIA
245 ## - TITLE STATEMENT
Title ASSESSMENT OF PRIMARY STABILITY IN IMMEDIATE VERSUS DELAYED IMPLANT PLACEMENT USING RESONANCE FREQUENCY ANALYSIS (RFA) - A SHORT TERM EVALUATION
260 ## - PUBLICATION, DISTRIBUTION, ETC. (IMPRINT)
Place of publication, distribution, etc DELHI NCR
Name of publisher, distributor, etc SGT UNIVERSITY GURUGRAM
Year of Publication 2012
300 ## - PAGE DESCRIPTION
No. of Pages 1-74
650 ## - SUBJECT ADDED ENTRY--TOPICAL TERM
Topical term or geographic name as entry element ORAL SURGERY
942 ## - ADDED ENTRY ELEMENTS (KOHA)
Source of classification or shelving scheme Dewey Decimal Classification
Koha item type Thesis/Dissertation
Holdings
Withdrawn status Lost status Source of classification or shelving scheme Damaged status Not for loan Home library Current library Shelving location Date acquired Vendor Name SGTU Total Checkouts Full call number Accession No. (Barcode) Date last seen Bill Date Koha item type
    Dewey Decimal Classification     SGT Dental Library SGT Dental Library Reference Book 17/11/2018 PERFECT BOOK BINDING HOUSE NEW DELHI SGTU   617.525 A12K DT230 17/11/2018 17/11/2018 Thesis/Dissertation
    Dewey Decimal Classification     SGT Dental Library SGT Dental Library Reference Book 10/05/2021   SGTU   617.525 A14K DT1210 10/05/2021 10/05/2021 Thesis/Dissertation